[Event "CHN-chB (Women)"]
[Site "Qinhuangdao"]
[Date "2017.07.17"]
[Round "4"]
[White "Zhao, Shengxin"]
[Black "Lv, Xintong"]
[Result "1-0"]
[WhiteElo "2042"]
[BlackElo "1864"]
[PlyCount "119"]
[EventDate "2017.07.16"]
[EventType "swiss"]
[EventRounds "11"]
[EventCountry "CHN"]
[SourceTitle "CBM 179 Extra"]
[Source "ChessBase"]
[SourceDate "2017.08.23"]
[SourceVersion "1"]
[SourceVersionDate "2017.08.23"]
[SourceQuality "1"]

1. d4 Nf6 2. c4 e6 3. g3 d5 4. Bg2 Be7 5. Nf3 0-0 6. 0-0 c5 7. cxd5 Nxd5 8. e4 Nf6 9. Nc3 cxd4 10. Nxd4 e5 11. Ndb5 Qxd1 12. Rxd1 Nc6 13. Nd5 Bc5 14. Nxf6+ gxf6 15. Nc7 Rb8 16. Bh6 Rd8 17. Rxd8+ Nxd8 18. Nd5 f5 19. Rc1 b6 20. b4 Bd6 21. Nf6+ Kh8 22. Ne8 Bxb4 23. Bg7+ Kg8 24. Bxe5 Ra8 25. Nc7 Rb8 26. Nd5 Ba3 27. Rc3 Bb2 28. Bxb8 Bxc3 29. Nxc3 Nc6 30. Bd6 fxe4 31. Bxe4 Bd7 32. Bxc6 Bxc6 33. f4 f5 34. Kf2 Kf7 35. Ke3 Ke6 36. Bb8 a6 37. Kd4 Be8 38. Nd5 Bc6 39. Nxb6 Bb5 40. a4 Bf1 41. Kc5 Bg2 42. a5 Bf3 43. Nc4 Be2 44. Ne5 Bb5 45. Nc6 Bf1 46. Nb4 Bb5 47. Kb6 Bf1 48. Nxa6 Kd5 49. Nc7+ Kd4 50. Nb5+ Ke3 51. a6 Bg2 52. a7 Ba8 53. Nc7 Be4 54. Kc5 Bb7 55. Nd5+ Kf3 56. Kd6 h5 57. Ke5 Kg2 58. Nf6 Kxh2 59. Nxh5 Be4 60. g4 1-0

[Event "CHN-chB (Women)"]
[Site "Zhongshan"]
[Date "2015.07.20"]
[Round "7"]
[White "Yao, Lan"]
[Black "Lv, Xintong"]
[Result "1-0"]
[WhiteElo "2207"]
[BlackElo "1872"]
[PlyCount "125"]
[EventDate "2015.07.17"]
[EventType "swiss"]
[EventRounds "11"]
[EventCountry "CHN"]
[SourceTitle "CBM 167 Extra"]
[Source "ChessBase"]
[SourceDate "2015.09.14"]
[SourceVersion "1"]
[SourceVersionDate "2015.09.14"]
[SourceQuality "1"]

1. e4 e5 2. Nf3 Nc6 3. Bc4 Bc5 4. b4 Bxb4 5. c3 Ba5 6. d4 exd4 7. Qb3 Qe7 8. 0-0 dxc3 9. Nxc3 Bxc3 10. Qxc3 f6 11. Ba3 d6 12. Rab1 Nh6 13. Bd5 Qd7 14. e5 Nxe5 15. Nd4 c6 16. Be6 Qe7 17. Bxc8 Rxc8 18. f4 0-0 19. fxe5 fxe5 20. Nf3 b5 21. Rfd1 Rfd8 22. Nd2 Qe6 23. Ne4 Nf5 24. Qh3 d5 25. Nc5 Qg6 26. Rf1 Nd6 27. Rb3 Rf8 28. Re1 Qf5 29. Qg3 Qf4 30. Ne6 Qxg3 31. Rxg3 Nf5 32. Nxf8 Nxg3 33. hxg3 b4 34. Bxb4 c5 35. Ba3 Rxf8 36. Rxe5 Rd8 37. Bxc5 a6 38. Bd4 Kf7 39. Kf2 h6 40. Ke3 g6 41. Bc3 Rc8 42. Kd3 Rc5 43. Re7+ Kxe7 44. Bb4 Kd6 45. Kd4 Ke6 46. Bxc5 h5 47. Bb4 g5 48. Bd2 Kf5 49. Kxd5 Kg4 50. Be1 h4 51. gxh4 gxh4 52. Kc6 h3 53. gxh3+ Kxh3 54. Kb6 Kg4 55. Kxa6 Kf5 56. Kb7 Ke5 57. a4 Kd5 58. a5 Kc5 59. a6 Kd4 60. a7 Ke4 61. a8Q Kd4 62. Qd8+ Ke4 63. Bc3 1-0